[Event "FIDE WGP Tashkent"]
[Site "Tashkent UZB"]
[Date "2013.09.18"]
[Round "1.1"]
[White "Danielian, Elina"]
[Black "Kosteniuk, Alexandra"]
[Result "1/2-1/2"]
[WhiteTitle "GM"]
[BlackTitle "GM"]
[WhiteElo "2470"]
[BlackElo "2495"]
[WhiteFideId "13300210"]
[BlackFideId "4128125"]
[EventDate "2013.09.18"]

1. d4 Nf6 2. c4 e6 3. Nc3 Bb4 4. Qc2 d5 5. cxd5 exd5 6. Nf3 c5 7. dxc5 O-O 8.
Bg5 Be6 9. e3 Nbd7 10. a3 Bxc5 11. Be2 Rc8 12. O-O Be7 13. Qd1 Nb6 14. Nb5 a6
15. Nbd4 Nc4 16. b3 Nd6 17. Nxe6 fxe6 18. Nd4 Qd7 19. Bxf6 gxf6 20. b4 f5 21.
Nb3 Ne4 22. Bd3 Bf6 23. Rc1 Rxc1 24. Qxc1 Rc8 25. Qd1 Nd6 26. Nc5 Qe7 27. Qe2 a5
28. Nb3 axb4 29. axb4 Kh8 30. Nd4 Bg7 31. g3 Qf6 32. Rd1 Nf7 33. Bb1 Nd6 34. Bd3
Nf7 35. Qh5 Ne5 36. Nxe6 Nxd3 37. Nxg7 Nb2 38. Rxd5 Qxg7 39. Qxf5 Rf8 40. Qc2 b5
41. Rxb5 Qf6 42. Rd5 Nc4 43. Rd7 Qa1+ 44. Rd1 Qf6 45. Rd7 Qa1+ 46. Rd1 Qf6 47.
Rd7 1/2-1/2

[Event "FIDE WGP Tashkent"]
[Site "Tashkent UZB"]
[Date "2013.09.18"]
[Round "1.2"]
[White "Koneru, Humpy"]
[Black "Ju, Wenjun"]
[Result "1-0"]
[WhiteTitle "GM"]
[BlackTitle "WGM"]
[WhiteElo "2607"]
[BlackElo "2535"]
[WhiteFideId "5008123"]
[BlackFideId "8603006"]
[EventDate "2013.09.18"]

1. d4 Nf6 2. c4 g6 3. Nc3 Bg7 4. e4 d6 5. h3 O-O 6. Be3 Na6 7. Nf3 e5 8. dxe5
dxe5 9. Qc2 Nd7 10. Rd1 c6 11. a3 f5 12. b4 Qe7 13. c5 Nc7 14. Bc4+ Kh8 15. Qd3
f4 16. Bc1 Ne6 17. Qd6 Qxd6 18. Rxd6 Nd4 19. Ng5 h6 20. h4 Rf6 21. Nf7+ Kh7 22.
Ne2 b5 23. Ng5+ Kh8 24. Nxd4 exd4 25. Bb3 Rxd6 26. Nf7+ Kh7 27. Nxd6 Ne5 28. Kd2
Ba6 29. Kc2 Rf8 30. Rd1 Nc4 31. Rd3 Be5 32. Bb2 Nxb2 33. Kxb2 Kg7 34. h5 Bc8 35.
hxg6 Kxg6 36. Nxc8 Rxc8 37. Be6 Rc7 38. Kc2 Kg5 39. a4 a6 40. axb5 axb5 41. Ra3
h5 42. Kd2 Kf6 43. Bf5 Rg7 44. Ra6 Rc7 45. Kd3 Kf7 46. Ra8 Bf6 47. e5 Bxe5 48.
Ra6 Ke7 49. Bg6 h4 50. Bh5 Bg7 51. Bf3 Kd7 52. Ra8 Bf6 53. Bh5 Ke6 54. Re8+ Kd7
55. Re4 Ra7 56. Bg4+ Kc7 57. Rxf4 Ra3+ 58. Ke4 Be7 59. Kxd4 Ra1 60. Rf7 Kd8 61.
Bf3 Rc1 62. Ke5 Rb1 63. Rf4 Kd7 64. Rd4+ Kc7 65. Ke6 Bg5 66. Kf5 Be7 67. Be4 Rb3
68. f4 Bf8 69. Ke6 Re3 70. f5 1-0

[Event "FIDE WGP Tashkent"]
[Site "Tashkent UZB"]
[Date "2013.09.18"]
[Round "1.3"]
[White "Lagno, Kateryna"]
[Black "Girya, Olga"]
[Result "1/2-1/2"]
[WhiteTitle "GM"]
[BlackTitle "WGM"]
[WhiteElo "2532"]
[BlackElo "2439"]
[WhiteFideId "14109336"]
[BlackFideId "4195752"]
[EventDate "2013.09.18"]

1. e4 c6 2. Ne2 d5 3. e5 c5 4. d4 Nc6 5. c3 Bf5 6. dxc5 Bxb1 7. Rxb1 e6 8. b4
Nxe5 9. Nd4 a6 10. Qa4+ Nd7 11. c6 bxc6 12. Qxc6 Ne7 13. Qb7 Qc8 14. Qxc8+ Nxc8
15. c4 dxc4 16. Bxc4 Ncb6 17. Be2 Nd5 18. Bd2 Bd6 19. O-O Be5 20. Nc6 Bc3 21.
Rfd1 Rc8 22. Na5 Bxd2 23. Rxd2 Nc3 24. Rc2 Nxe2+ 25. Rxe2 Ke7 26. f4 g6 27. b5
axb5 28. Rxb5 Rc7 29. Nb3 Ra8 30. Rd5 Nf6 31. Rdd2 Ra4 32. g3 h5 33. Nd4 Rcc4
34. Nf3 Nd7 35. Rc2 Nb6 36. Ne5 Rxc2 37. Rxc2 Nd5 38. Rb2 Kf8 39. Rb7 Rxa2 40.
Rxf7+ Kg8 41. Rb7 h4 42. Rb8+ Kg7 43. Rb7+ Kg8 44. Rb8+ 1/2-1/2

[Event "FIDE WGP Tashkent"]
[Site "Tashkent UZB"]
[Date "2013.09.18"]
[Round "1.5"]
[White "Harika, Dronavalli"]
[Black "Khotenashvili, Bela"]
[Result "1-0"]
[WhiteTitle "GM"]
[BlackTitle "IM"]
[WhiteElo "2475"]
[BlackElo "2514"]
[WhiteFideId "5015197"]
[BlackFideId "13602640"]
[EventDate "2013.09.18"]

1. Nf3 Nf6 2. c4 e6 3. e3 d5 4. d4 Be7 5. b3 O-O 6. Bb2 b6 7. Bd3 Bb7 8. O-O c5
9. Nbd2 Nc6 10. Rc1 cxd4 11. exd4 Nh5 12. g3 g6 13. Qe2 Nf6 14. Rfd1 a5 15. a3
Re8 16. Nf1 Bf8 17. Ne3 Bh6 18. Ne5 dxc4 19. Bxc4 Qd6 20. Bb5 Rac8 21. Bxc6 Bxc6
22. Rxc6 Rxc6 23. Qf3 Bxe3 24. fxe3 Rc2 25. Qxf6 Re7 26. d5 Rxb2 27. Nc4 Qc5 28.
d6 Qh5 29. Nxb2 1-0

[Event "FIDE WGP Tashkent"]
[Site "Tashkent UZB"]
[Date "2013.09.18"]
[Round "1.6"]
[White "Muminova, Nafisa"]
[Black "Zhao, Xue"]
[Result "0-1"]
[WhiteTitle "WGM"]
[BlackTitle "GM"]
[WhiteElo "2293"]
[BlackElo "2579"]
[WhiteFideId "14201526"]
[BlackFideId "8601283"]
[EventDate "2013.09.18"]

1. e4 c6 2. d4 d5 3. Nd2 dxe4 4. Nxe4 Nd7 5. Ng5 Ngf6 6. Bd3 g6 7. N1f3 Bg7 8.
O-O O-O 9. c3 c5 10. Re1 b6 11. Qe2 cxd4 12. Nxd4 Nc5 13. Bc4 e6 14. b4 Na4 15.
Qf3 Bd7 16. Bd2 h6 17. Ne4 Nxe4 18. Qxe4 Rc8 19. Qe2 a6 20. Bxa6 Nxc3 21. Bxc3
Rxc3 22. Rad1 Qa8 23. Bb5 Bc8 24. Qd2 Qa3 25. Nc6 Bb7 26. Nd8 Bd5 0-1

[Event "FIDE WGP Tashkent"]
[Site "Tashkent UZB"]
[Date "2013.09.19"]
[Round "2.2"]
[White "Ju, Wenjun"]
[Black "Lagno, Kateryna"]
[Result "1/2-1/2"]
[WhiteTitle "WGM"]
[BlackTitle "GM"]
[WhiteElo "2535"]
[BlackElo "2532"]
[WhiteFideId "8603006"]
[BlackFideId "14109336"]
[EventDate "2013.09.18"]

1. d4 Nf6 2. c4 g6 3. Nc3 d5 4. Bf4 Bg7 5. e3 c5 6. dxc5 Qa5 7. Rc1 dxc4 8. Bxc4
O-O 9. Ne2 Qxc5 10. Qb3 Nc6 11. Nb5 Qh5 12. Ng3 Qh4 13. Nc7 e5 14. Bxe5 Nxe5 15.
Nxa8 Bd7 16. Nc7 Bc6 17. Nd5 Kh8 18. Nf4 g5 19. Nd3 Nxd3+ 20. Bxd3 Bxg2 21. Nf5
Qh3 22. Nxg7 Kxg7 23. Bf1 Ne4 24. Qc2 Re8 25. Bxg2 Qxg2 26. Rf1 Qxh2 27. Qc7 Re5
28. Rc2 Nxf2 29. Re2 Qg3 30. Rfxf2 Qg1+ 31. Rf1 Qg3+ 32. Rff2 Qg1+ 33. Rf1 Qg3+ 1/2-1/2

[Event "FIDE WGP Tashkent"]
[Site "Tashkent UZB"]
[Date "2013.09.19"]
[Round "2.3"]
[White "Danielian, Elina"]
[Black "Koneru, Humpy"]
[Result "0-1"]
[WhiteTitle "GM"]
[BlackTitle "GM"]
[WhiteElo "2470"]
[BlackElo "2607"]
[WhiteFideId "13300210"]
[BlackFideId "5008123"]
[EventDate "2013.09.18"]

1. d4 Nf6 2. c4 e6 3. Nc3 Bb4 4. Qc2 O-O 5. a3 Bxc3+ 6. Qxc3 b6 7. Bg5 Bb7 8. e3
d6 9. f3 Nbd7 10. Bd3 Rc8 11. Rc1 c5 12. Ne2 h6 13. Bh4 cxd4 14. Qxd4 d5 15.
cxd5 Rxc1+ 16. Nxc1 Qc8 17. O-O Nxd5 18. e4 e5 19. Qf2 Nf4 20. Rd1 Nc5 21. Bf1
Ba6 22. Be7 Re8 23. Bxc5 bxc5 24. Na2 Bxf1 25. Qxf1 c4 26. Nb4 a5 27. Nd5 Nd3
28. Rd2 Qc5+ 29. Kh1 Rb8 30. Qe2 Qd4 31. Ne7+ Kf8 32. Nc6 Rxb2 33. Nxd4 Rb1+ 34.
Rd1 Rxd1+ 35. Qxd1 Nf2+ 36. Kg1 Nxd1 37. Nc2 Ke7 38. Kf1 Kd6 39. Ke2 Nb2 40. Kd2
Kc5 41. Ne3 h5 42. Kc2 Na4 43. Nf5 g6 44. Nh6 f6 45. Ng8 f5 46. exf5 gxf5 47.
Ne7 f4 48. g3 e4 49. fxe4 f3 50. Nf5 f2 51. Ne3 Kd4 52. Kd2 c3+ 53. Ke2 Kxe4 54.
h3 Nb6 55. g4 hxg4 56. hxg4 Nd5 57. Nc2 f1=Q+ 58. Kxf1 Ne3+ 0-1

[Event "FIDE WGP Tashkent"]
[Site "Tashkent UZB"]
[Date "2013.09.19"]
[Round "2.4"]
[White "Kosteniuk, Alexandra"]
[Black "Zhao, Xue"]
[Result "0-1"]
[WhiteTitle "GM"]
[BlackTitle "GM"]
[WhiteElo "2495"]
[BlackElo "2579"]
[WhiteFideId "4128125"]
[BlackFideId "8601283"]
[EventDate "2013.09.18"]

1. e4 e5 2. Nf3 Nc6 3. Bb5 Nf6 4. O-O Nxe4 5. d4 Nd6 6. Bg5 Be7 7. Bxe7 Qxe7 8.
Bxc6 dxc6 9. dxe5 Nf5 10. Nc3 Bd7 11. Qd3 O-O-O 12. Qe4 Be6 13. Rad1 h6 14. h3
Qc5 15. Rfe1 Rhe8 16. Qa4 a6 17. a3 Rxd1 18. Rxd1 Ne7 19. Qe4 Bf5 20. Qf4 g5 21.
Qd2 Ng6 22. Ne4 Qd5 23. Qxd5 cxd5 24. Nf6 Rd8 25. Nd4 Be6 26. Re1 c5 27. Nxe6
fxe6 28. g3 Rh8 29. Kg2 Kd8 30. c4 dxc4 31. Ne4 b6 32. Nd6 Kc7 33. Nxc4 Rd8 34.
Re2 Rd5 35. Kf3 h5 36. Ne3 Rd3 37. Rc2 Rd4 38. Kg2 Nxe5 39. Re2 Kd6 40. Nc2 Rd3
41. Ne3 b5 42. Rc2 c4 43. Nf1 Nf3 44. Re2 Nd4 45. Re3 Rd1 46. g4 h4 47. Re4 Kd5
48. Re3 e5 49. Rc3 Rb1 50. a4 e4 51. axb5 axb5 52. Ra3 Ne6 53. Ne3+ Kc5 54. Ra2
Nf4+ 55. Kh2 Nd3 56. Ra8 Ne1 57. Rc8+ Kb4 0-1

[Event "FIDE WGP Tashkent"]
[Site "Tashkent UZB"]
[Date "2013.09.19"]
[Round "2.5"]
[White "Khotenashvili, Bela"]
[Black "Muminova, Nafisa"]
[Result "1-0"]
[WhiteTitle "IM"]
[BlackTitle "WGM"]
[WhiteElo "2514"]
[BlackElo "2293"]
[WhiteFideId "13602640"]
[BlackFideId "14201526"]
[EventDate "2013.09.18"]

1. d4 Nf6 2. c4 e6 3. Nf3 d5 4. g3 dxc4 5. Bg2 a6 6. O-O Nc6 7. e3 Bd7 8. Qe2
Bd6 9. Qxc4 O-O 10. Rd1 Rb8 11. a3 e5 12. d5 Ne7 13. e4 h6 14. Qc2 Rc8 15. Nc3
c6 16. dxc6 Rxc6 17. h3 Ng6 18. Be3 Qc8 19. Kh2 Be6 20. Nd2 h5 21. Nf1 Bc7 22.
Qd2 Bb3 23. Rdc1 Ba5 24. Qe2 Bc4 25. Qc2 Rd8 26. b4 Bc7 27. Bg5 Bxf1 28. Bxf1
Bb6 29. b5 axb5 30. Bxb5 Rc7 31. Rab1 Rd6 32. Rb3 Ba5 33. Be3 Qe6 34. Qb2 Rd8
35. Be2 Bxc3 36. Rbxc3 Rxc3 37. Rxc3 Nxe4 38. Rc7 Nd6 39. Bxh5 Nc4 40. Qb3 Nxe3
41. Qxe6 fxe6 42. Bxg6 Nd1 43. Kg2 b5 44. Rc2 Kf8 45. Kf1 Ra8 46. Ke1 b4 47.
Kxd1 bxa3 48. Ra2 Ke7 49. Kc2 Rf8 50. Kb3 Rf3+ 51. Kb4 Kd6 52. Be4 1-0

[Event "FIDE WGP Tashkent"]
[Site "Tashkent UZB"]
[Date "2013.09.19"]
[Round "2.6"]
[White "Nakhbayeva, Guliskhan"]
[Black "Harika, Dronavalli"]
[Result "1/2-1/2"]
[WhiteTitle "WGM"]
[BlackTitle "GM"]
[WhiteElo "2307"]
[BlackElo "2475"]
[WhiteFideId "13704788"]
[BlackFideId "5015197"]
[EventDate "2013.09.18"]

1. d4 Nf6 2. c4 Nc6 3. Nf3 e6 4. Nc3 Bb4 5. e3 d6 6. Bd2 O-O 7. Be2 e5 8. d5 Ne7
9. O-O h6 10. a3 Bxc3 11. Bxc3 Ne4 12. Rc1 Bg4 13. b4 Nxc3 14. Rxc3 a5 15. h3
axb4 16. axb4 Bxf3 17. Bxf3 Ng6 18. g3 f5 19. e4 f4 20. Bg4 Kh8 21. Qe2 Ra4 22.
Rb1 Qa8 23. Bf5 Ne7 24. Bg4 Ng6 25. Bf5 Ne7 26. Bg4 Ra1 27. Rb3 Qa7 28. Kg2 Ra2
29. R1b2 Ra1 30. Rb1 Ra2 31. R1b2 Ra1 32. Rb1 Ra2 33. R1b2 Ra1 34. Rb1 1/2-1/2

[Event "FIDE WGP Tashkent"]
[Site "Tashkent UZB"]
[Date "2013.09.20"]
[Round "3.1"]
[White "Muminova, Nafisa"]
[Black "Nakhbayeva, Guliskhan"]
[Result "1-0"]
[WhiteTitle "WGM"]
[BlackTitle "WGM"]
[WhiteElo "2293"]
[BlackElo "2307"]
[WhiteFideId "14201526"]
[BlackFideId "13704788"]
[EventDate "2013.09.18"]

1. e4 c5 2. Nf3 Nc6 3. d4 cxd4 4. Nxd4 Qb6 5. Nb3 Nf6 6. Nc3 e6 7. a3 a6 8. Be2
Be7 9. O-O O-O 10. Bf4 d6 11. Qd3 Qc7 12. Rad1 Ne5 13. Qg3 b5 14. Bc1 Bb7 15. f4
Nc4 16. Bd3 Kh8 17. Rde1 Rac8 18. Nd1 d5 19. e5 Ne4 20. Qh3 f5 21. Kh1 g5 22.
Nd4 Qb6 23. c3 Rg8 24. Ne3 gxf4 25. Nxc4 dxc4 26. Bxe4 Bxe4 27. Rxe4 fxe4 28.
Bxf4 Rg6 29. Be3 Rf8 30. Rd1 Qd8 31. Qh5 Qe8 32. Ne2 Rf5 33. Qh3 Bg5 34. Ng3 Rh6
35. Qxf5 Bxe3 36. Qxe4 Bf2 37. Qf4 Bxg3 38. Qxh6 Bxe5 39. Re1 Qf7 40. Qe3 Bd6
41. Qd4+ 1-0

[Event "FIDE WGP Tashkent"]
[Site "Tashkent UZB"]
[Date "2013.09.20"]
[Round "3.2"]
[White "Stefanova, Antoaneta"]
[Black "Ju, Wenjun"]
[Result "0-1"]
[WhiteTitle "GM"]
[BlackTitle "WGM"]
[WhiteElo "2496"]
[BlackElo "2535"]
[WhiteFideId "2902257"]
[BlackFideId "8603006"]
[EventDate "2013.09.18"]

1. d4 d6 2. e4 Nf6 3. Nc3 g6 4. Be3 Bg7 5. Qd2 c6 6. Bh6 Bxh6 7. Qxh6 Qa5 8. f3
Nbd7 9. Ne2 b5 10. Qd2 Bb7 11. Ng3 a6 12. a4 e5 13. Be2 Qb6 14. O-O-O O-O-O 15.
f4 h5 16. fxe5 dxe5 17. Rhf1 h4 18. Nh1 b4 19. Na2 Nxe4 20. Qxb4 Qxb4 21. Nxb4
a5 22. Nd3 exd4 23. Rxf7 Rhf8 24. Rf4 c5 25. Rxh4 g5 26. Rh6 Rf6 27. Rh7 c4 28.
Ne1 Nb6 29. Nf3 Rfd6 30. Ne5 c3 31. b3 Rf8 32. Bg4+ Kb8 33. Bf3 Ba8 34. Re7 Nc5
35. Nf2 Nc8 36. Rg7 Bxf3 37. Nxf3 Ne6 38. Rh7 Rf4 39. Nd3 Re4 40. Nfe5 Re2 41.
g3 Na7 42. Rf1 Nc6 43. Nc4 Rd8 44. Kd1 Re8 45. Rf5 Nc7 46. Rf8 Rxf8 47. Kxe2 Nd5
48. Nc5 Re8+ 49. Kf2 Ncb4 50. Nxa5 Rc8 51. Nd7+ Ka8 52. Nc4 d3 53. Ncb6+ Nxb6
54. Nxb6+ Kb8 55. Nd7+ Ka7 56. Ne5+ Kb6 57. a5+ Ka6 58. Rh6+ Kxa5 59. Rh7 dxc2
60. Ra7+ Kb5 61. Ra1 Rd8 62. Nc4 c1=Q 0-1

[Event "FIDE WGP Tashkent"]
[Site "Tashkent UZB"]
[Date "2013.09.20"]
[Round "3.3"]
[White "Koneru, Humpy"]
[Black "Kosteniuk, Alexandra"]
[Result "1-0"]
[WhiteTitle "GM"]
[BlackTitle "GM"]
[WhiteElo "2607"]
[BlackElo "2495"]
[WhiteFideId "5008123"]
[BlackFideId "4128125"]
[EventDate "2013.09.18"]

1. Nf3 d5 2. d4 Nf6 3. e3 e6 4. Bd3 Be7 5. Nbd2 Nbd7 6. b3 b6 7. Bb2 Bb7 8. O-O
O-O 9. c4 c5 10. Rc1 Re8 11. cxd5 Nxd5 12. a3 cxd4 13. Nxd4 Bf8 14. Bb5 a6 15.
Bc6 Ra7 16. Qe2 Ba8 17. N2f3 Ne7 18. Rfd1 Nxc6 19. Nxc6 Bxc6 20. Rxc6 Qa8 21.
Rc4 b5 22. Rc2 Nf6 23. Ne5 Rc8 24. Rdc1 Rxc2 25. Qxc2 Qe8 26. Qc8 Ra8 27. Qb7
Nd5 28. g3 f6 29. Nd7 b4 30. Nxf8 Qxf8 31. e4 Ne7 32. Rc7 Ng6 33. Rxg7+ Qxg7 34.
Qxa8+ Nf8 35. axb4 Qd7 36. b5 1-0

[Event "FIDE WGP Tashkent"]
[Site "Tashkent UZB"]
[Date "2013.09.20"]
[Round "3.4"]
[White "Lagno, Kateryna"]
[Black "Danielian, Elina"]
[Result "1-0"]
[WhiteTitle "GM"]
[BlackTitle "GM"]
[WhiteElo "2532"]
[BlackElo "2470"]
[WhiteFideId "14109336"]
[BlackFideId "13300210"]
[EventDate "2013.09.18"]

1. c4 e5 2. Nc3 Nf6 3. Nf3 Nc6 4. g3 Bb4 5. Bg2 O-O 6. O-O Re8 7. Nd5 e4 8. Ne1
d6 9. d3 Bxe1 10. Rxe1 exd3 11. Bg5 dxe2 12. Rxe2 Be6 13. Nxf6+ gxf6 14. Bh4 Ne5
15. Qd4 Kg7 16. b3 c6 17. Rae1 Ng6 18. Bg5 h6 19. Bc1 Qb6 20. Qd2 Rh8 21. Bb2 a5
22. Qxd6 Qd8 23. Qc5 a4 24. Qb4 axb3 25. axb3 Bg4 26. Re4 Bf5 27. R4e3 Ra2 28.
Bc3 Rc2 29. Qxb7 Bd7 30. Bxc6 Bc8 31. Qa7 Qd6 32. Be4 Rxc3 33. Rxc3 1-0

[Event "FIDE WGP Tashkent"]
[Site "Tashkent UZB"]
[Date "2013.09.20"]
[Round "3.5"]
[White "Harika, Dronavalli"]
[Black "Girya, Olga"]
[Result "1-0"]
[WhiteTitle "GM"]
[BlackTitle "WGM"]
[WhiteElo "2475"]
[BlackElo "2439"]
[WhiteFideId "5015197"]
[BlackFideId "4195752"]
[EventDate "2013.09.18"]

1. d4 d5 2. c4 c6 3. cxd5 cxd5 4. Nc3 Nf6 5. Bf4 Nc6 6. e3 Bf5 7. Qb3 Na5 8.
Qa4+ Bd7 9. Bb5 Nc6 10. Qd1 e6 11. Nf3 Be7 12. O-O O-O 13. Rc1 Nh5 14. Be5 f6
15. Bg3 Nxg3 16. hxg3 Qa5 17. Qb3 Rfd8 18. Nxd5 Bf8 19. Nf4 Kh8 20. a3 Rab8 21.
Bc4 e5 22. dxe5 Nxe5 23. Nxe5 fxe5 24. Ne6 Bxe6 25. Bxe6 b5 26. Bf5 Qb6 27. Qf7
Rb7 28. Qb3 b4 29. a4 Qf6 30. Qe6 Rb6 31. Qxf6 Rxf6 32. Be4 Rd2 33. Rc2 Rxc2 34.
Bxc2 Rc6 35. Be4 Rc4 36. Bd3 Rc7 37. b3 g6 38. Bb5 Kg7 39. Rd1 Be7 40. Bc4 Kf6
41. Kf1 Bc5 42. Ke2 Ke7 43. Rd5 Bd6 44. Kf3 Kd7 45. Ke4 Ke7 46. Rd1 Rd7 47. Rd5
Bc7 48. Rc5 Kd8 49. Bd5 Ke7 50. Rc1 Bd6 51. f4 exf4 52. gxf4 Rc7 53. Bc4 h5 54.
Kf3 Bc5 55. Rd1 Rc6 56. Rd5 Bb6 57. e4 Rc5 58. Rd1 Bc7 59. g3 g5 60. e5 Rc6 61.
Ke4 gxf4 62. gxf4 h4 63. Rg1 Bb6 64. Rg7+ Kd8 65. Rh7 Bf2 66. f5 Bg3 67. f6 Rc5
68. Rh8+ Kc7 69. f7 1-0

[Event "FIDE WGP Tashkent"]
[Site "Tashkent UZB"]
[Date "2013.09.20"]
[Round "3.6"]
[White "Zhao, Xue"]
[Black "Khotenashvili, Bela"]
[Result "0-1"]
[WhiteTitle "GM"]
[BlackTitle "IM"]
[WhiteElo "2579"]
[BlackElo "2514"]
[WhiteFideId "8601283"]
[BlackFideId "13602640"]
[EventDate "2013.09.18"]

1. d4 d5 2. c4 e6 3. Nc3 Be7 4. cxd5 exd5 5. Bf4 c6 6. e3 Bf5 7. Nge2 Nd7 8. Ng3
Bg6 9. Be2 Ngf6 10. h4 h5 11. a3 Kf8 12. Bf3 Nb6 13. b3 Qd7 14. Bg5 Re8 15. Nce2
Ne4 16. Bxe4 Bxe4 17. Nxe4 dxe4 18. Bxe7+ Qxe7 19. Nf4 Rd8 20. Nxh5 c5 21. Qg4
g6 22. Ng3 cxd4 23. Qxe4 dxe3 24. fxe3 Qf6 25. Rc1 Re8 26. Qb4+ Kg8 27. Nf1 Nd5
28. Qb5 Re5 29. Qe2 Rxh4 30. Rxh4 Qxh4+ 31. Qf2 Qe7 32. Rc8+ Kg7 33. Qb2 Qf6 34.
Qd2 Qe6 35. Qd4 Qf6 36. Qd2 Qb6 37. Qb2 Qf6 38. Qd2 Qh4+ 39. g3 Qe4 40. Rc4 Qb1+
41. Rc1 Qxb3 42. Qd4 f6 43. Ke2 Qxa3 44. Rc8 Qa2+ 45. Ke1 Qb1+ 46. Ke2 Qb5+ 47.
Ke1 a5 48. Rc5 Qb1+ 49. Ke2 b6 50. Rc8 Qb5+ 51. Qd3 Qxd3+ 52. Kxd3 b5 53. e4
Nb4+ 54. Kd4 Rg5 55. Rc5 Kh6 56. Ne3 Rxc5 57. Kxc5 Kg5 58. Kxb5 Nd3 59. Kxa5 Nf2
60. e5 fxe5 61. Kb5 Ng4 62. Ng2 Nh6 63. Kc5 Kg4 64. Nh4 g5 65. Ng6 Nf7 66. Kd5
Kxg3 67. Ke6 e4 68. Kxf7 e3 69. Ne5 e2 70. Nd3 Kh2 0-1

[Event "FIDE WGP Tashkent"]
[Site "Tashkent UZB"]
[Date "2013.09.21"]
[Round "4.1"]
[White "Koneru, Humpy"]
[Black "Lagno, Kateryna"]
[Result "1/2-1/2"]
[WhiteTitle "GM"]
[BlackTitle "GM"]
[WhiteElo "2607"]
[BlackElo "2532"]
[WhiteFideId "5008123"]
[BlackFideId "14109336"]
[EventDate "2013.09.18"]

1. Nf3 g6 2. e4 Bg7 3. d4 d6 4. Bc4 Nf6 5. Qe2 c6 6. Bb3 O-O 7. e5 Nd5 8. h3
dxe5 9. Nxe5 Nd7 10. O-O Nxe5 11. dxe5 Be6 12. Re1 a5 13. a4 Nc7 14. Nd2 Bxb3
15. Nxb3 Ne6 16. Bd2 Qc7 17. Bc3 Rfd8 18. Rad1 b6 19. Qe4 Ng5 20. Qe3 Ne6 21.
Qe4 Ng5 22. Qe3 Ne6 23. Qe4 1/2-1/2

[Event "FIDE WGP Tashkent"]
[Site "Tashkent UZB"]
[Date "2013.09.21"]
[Round "4.3"]
[White "Ju, Wenjun"]
[Black "Harika, Dronavalli"]
[Result "1/2-1/2"]
[WhiteTitle "WGM"]
[BlackTitle "GM"]
[WhiteElo "2535"]
[BlackElo "2475"]
[WhiteFideId "8603006"]
[BlackFideId "5015197"]
[EventDate "2013.09.18"]

1. c4 e6 2. Nf3 d5 3. d4 Nf6 4. Nc3 Be7 5. Bg5 h6 6. Bxf6 Bxf6 7. cxd5 exd5 8.
e3 O-O 9. Bd3 c6 10. O-O Re8 11. Qc2 Nd7 12. b4 a6 13. a4 Nf8 14. b5 axb5 15.
axb5 Rxa1 16. Rxa1 Bd7 17. Nd2 Ne6 18. Nb3 Qb8 19. bxc6 bxc6 20. Na4 Be7 21.
Nac5 Bxc5 22. Nxc5 Nxc5 23. Qxc5 Rd8 24. Rb1 Qc7 25. h3 Be8 26. Be2 Ra8 27. Bf3
Qa7 28. Qd6 Qd7 29. Qf4 Rd8 30. h4 Qd6 31. Qxd6 Rxd6 32. Kf1 Kf8 33. Rb7 Rd7 34.
Rxd7 Bxd7 35. Ke2 Ke7 36. Kd3 Kd6 37. Kc3 c5 38. dxc5+ Kxc5 39. g3 Be6 40. Be2
Bd7 41. Bf3 Be6 42. Be2 Bd7 43. Bf3 Be6 1/2-1/2

[Event "FIDE WGP Tashkent"]
[Site "Tashkent UZB"]
[Date "2013.09.21"]
[Round "4.4"]
[White "Girya, Olga"]
[Black "Muminova, Nafisa"]
[Result "1-0"]
[WhiteTitle "WGM"]
[BlackTitle "WGM"]
[WhiteElo "2439"]
[BlackElo "2293"]
[WhiteFideId "4195752"]
[BlackFideId "14201526"]
[EventDate "2013.09.18"]

1. d4 Nf6 2. c4 e6 3. Nf3 d5 4. Nc3 Bb4 5. cxd5 exd5 6. Bg5 Nbd7 7. e3 c5 8. Be2
Qa5 9. O-O Bxc3 10. bxc3 c4 11. Qc2 Ne4 12. Rac1 Nb6 13. Bf4 Qa4 14. Qb2 Qa5 15.
Bc7 O-O 16. Ne1 Bd7 17. f3 Nf6 18. Be5 Qa6 19. Bd1 Ne8 20. g4 Rc8 21. Ng2 Rc6
22. e4 Nc8 23. Ne3 Rb6 24. Qd2 Ne7 25. Be2 Be6 26. Rb1 Rxb1 27. Rxb1 Qc6 28. Qb2
b6 29. Qb4 dxe4 30. Qxe7 exf3 31. Bf1 Qe4 32. Re1 Bxg4 33. Qh4 Bf5 34. Qxe4 Bxe4
35. Bxc4 h5 36. Kf2 Kh7 37. Nf1 Bb7 38. Nd2 f6 39. Bg3 f5 40. Be5 Nf6 41. Bxf6
Rxf6 42. Re7 Be4 43. Nxe4 fxe4 44. Bd5 1-0

[Event "FIDE WGP Tashkent"]
[Site "Tashkent UZB"]
[Date "2013.09.21"]
[Round "4.5"]
[White "Nakhbayeva, Guliskhan"]
[Black "Zhao, Xue"]
[Result "1/2-1/2"]
[WhiteTitle "WGM"]
[BlackTitle "GM"]
[WhiteElo "2307"]
[BlackElo "2579"]
[WhiteFideId "13704788"]
[BlackFideId "8601283"]
[EventDate "2013.09.18"]

1. d4 Nf6 2. c4 e6 3. Nc3 Bb4 4. e3 b6 5. Bd3 Bb7 6. f3 c5 7. a3 Bxc3+ 8. bxc3
Nc6 9. Ne2 O-O 10. O-O e5 11. Ng3 cxd4 12. cxd4 exd4 13. e4 d6 14. Bb2 Rc8 15.
Rc1 Ba6 16. Nf5 Na5 17. Bxd4 Re8 18. Qd2 Re6 19. Rc3 Nc6 20. Bf2 Nd7 21. c5 Bxd3
22. Rxd3 Nxc5 23. Bxc5 bxc5 24. Nxd6 Rb8 25. Nxf7 Qb6 26. Rd7 Nd4 27. Ng5 Rg6
28. e5 h6 29. Ne4 Nxf3+ 30. Rxf3 Qb1+ 31. Rf1 Qxe4 32. Qd5+ Qxd5 33. Rxd5 Rb3
34. Rxc5 Rxa3 35. Rc7 a6 36. Ra7 Rc6 37. h3 Rg6 38. Rf2 Re3 39. Ra2 Rxh3 40.
R7xa6 Rxa6 41. Rxa6 Rh5 42. Ra5 Rf5 43. Kh2 Rg5 44. Kh3 Kf8 45. g4 Ke7 46. Kh4
Ke6 47. Rb5 Rxe5 48. Rxe5+ Kxe5 49. g5 h5 50. Kxh5 Kf5 51. g6 Kf6 52. Kh4 Kxg6
53. Kg4 Kf6 54. Kf4 g5+ 55. Kg4 Kg6 56. Kg3 Kg7 57. Kg4 Kg6 58. Kg3 Kf5 59. Kf3
g4+ 60. Kg3 Kg5 61. Kg2 Kh4 62. Kh2 g3+ 63. Kg2 Kg4 64. Kg1 Kf5 65. Kg2 Kf4 66.
Kg1 Kf3 67. Kf1 g2+ 68. Kg1 Kg3 1/2-1/2

[Event "FIDE WGP Tashkent"]
[Site "Tashkent UZB"]
[Date "2013.09.21"]
[Round "4.6"]
[White "Kosteniuk, Alexandra"]
[Black "Khotenashvili, Bela"]
[Result "1-0"]
[WhiteTitle "GM"]
[BlackTitle "IM"]
[WhiteElo "2495"]
[BlackElo "2514"]
[WhiteFideId "4128125"]
[BlackFideId "13602640"]
[EventDate "2013.09.18"]

1. e4 e5 2. Nf3 Nc6 3. Bb5 a6 4. Ba4 Nf6 5. O-O Be7 6. d3 b5 7. Bb3 d6 8. c3 O-O
9. Nbd2 Na5 10. Bc2 c5 11. Re1 Qc7 12. Nf1 Re8 13. Ng3 g6 14. Bg5 Nd7 15. b4 Nc6
16. a3 Nb6 17. Nf1 Be6 18. Bxe7 Qxe7 19. Ne3 Rad8 20. Qd2 Qf6 21. Rad1 cxb4 22.
axb4 d5 23. exd5 Nxd5 24. Nxd5 Bxd5 25. Ng5 a5 26. bxa5 Nxa5 27. Ra1 Nb7 28. Qe3
Qc6 29. Qh3 h5 30. c4 Be6 31. Qg3 Bf5 32. Bb3 Rxd3 33. cxb5 Qc3 34. Bxf7+ Kf8
35. f3 Red8 36. Bxg6 Qd4+ 37. Kh1 h4 38. Bxf5 hxg3 39. Ne6+ Kf7 40. Nxd4 R3xd4
41. hxg3 Kf6 42. Be4 Nd6 43. b6 Nxe4 44. Rxe4 Rd1+ 45. Re1 R1d6 46. Reb1 Rb8 47.
b7 Rd7 48. Ra7 e4 49. Kg1 1-0